[Event "Joao Pessoa de Assis Memorial 1st"]
[Site "Joao Pessoa"]
[Date "2019.11.15"]
[Round "2"]
[White "Lima, Adriano Mendes"]
[Black "Gonzales, Alejandro Terehoff"]
[Result "1-0"]
[WhiteElo "1922"]
[BlackElo "1760"]
[PlyCount "52"]
[EventDate "2019.11.15"]
[EventType "swiss"]
[EventRounds "6"]
[EventCountry "BRA"]
[SourceTitle "CBM 193 Extra"]
[Source "ChessBase"]
[SourceDate "2020.01.31"]
[SourceVersion "1"]
[SourceVersionDate "2020.01.31"]
[SourceQuality "1"]

1. c4 g6 2. d4 Bg7 3. g3 Nc6 4. Nf3 e6 5. d5 Ne5 6. Bg2 Nxc4 7. dxe6 fxe6 8. Qc2 Nd6 9. 0-0 c6 10. h4 Nf5 11. e4 Nfe7 12. Rd1 Nf6 13. Bg5 0-0 14. Nc3 Ng4 15. Rd3 h6 16. Bf4 d5 17. exd5 exd5 18. Qb3 Kh8 19. Re1 Bf5 20. Rd2 Qd7 21. Qa3 Ng8 22. Nd4 Rae8 23. Nf3 Qd8 24. Bd6 Rf7 25. Bc5 Ne5 26. Qb4 Bg4 1-0

[Event "Joao Pessoa Caldas Memorial 5th"]
[Site "Joao Pessoa"]
[Date "2019.09.19"]
[Round "9"]
[White "Gonzales, Alejandro Terehoff"]
[Black "Dantas, Francisco"]
[Result "1-0"]
[WhiteElo "1729"]
[BlackElo "1948"]
[PlyCount "69"]
[EventDate "2019.09.11"]
[EventType "tourn"]
[EventRounds "11"]
[EventCountry "BRA"]
[SourceTitle "CBM 195 Extra"]
[Source "ChessBase"]
[SourceDate "2020.05.31"]
[SourceVersion "1"]
[SourceVersionDate "2020.05.31"]
[SourceQuality "1"]

1. e4 c5 2. g3 Nc6 3. Bg2 Nf6 4. Nc3 d6 5. d3 e6 6. f4 Be7 7. Nf3 a6 8. 0-0 0-0 9. e5 dxe5 10. fxe5 Nxe5 11. Nxe5 Qd4+ 12. Kh1 Qxe5 13. Bf4 Qd4 14. Qe2 Qb4 15. Rab1 Bd7 16. Bc7 Rac8 17. Be5 Bc6 18. Bxc6 Rxc6 19. Rf4 Qb6 20. Rbf1 Rcc8 21. Rxf6 gxf6 22. Qg4+ Kh8 23. Rxf6 Qc6+ 24. Ne4 Qd5 25. Qg5 Bd6 26. Bxd6 Qxg5 27. Nxg5 Rg8 28. h4 Rg6 29. Rxf7 h6 30. Rh7+ Kg8 31. Be5 Rxg5 32. Rh8+ Kf7 33. hxg5 Rc6 34. g6+ Ke7 35. Rh7+ 1-0

[Event "Joao Pessoa U2100 3rd"]
[Site "Joao Pessoa"]
[Date "2019.07.22"]
[Round "11.1"]
[White "Gonzales, Alejandro Terehoff"]
[Black "Morais, Francisco John Silv"]
[Result "0-1"]
[WhiteElo "1751"]
[BlackElo "1714"]
[PlyCount "80"]
[EventDate "2019.07.14"]
[EventType "tourn"]
[EventRounds "11"]
[EventCountry "BRA"]
[SourceTitle "EXT 2022"]
[Source "ChessBase"]
[SourceDate "2021.10.06"]
[SourceVersion "1"]
[SourceVersionDate "2021.10.06"]
[SourceQuality "1"]

1. e4 c5 2. f4 Nc6 3. Nf3 e6 4. Nc3 a6 5. a4 d6 6. Bc4 Nge7 7. 0-0 d5 8. exd5 exd5 9. Ba2 g6 10. Re1 Nb4 11. Bb1 Bg7 12. Ne2 0-0 13. c3 Nbc6 14. Ng3 d4 15. Ne5 Nxe5 16. fxe5 dxc3 17. bxc3 Be6 18. Qc2 Qc7 19. Qe4 Bd5 20. Qe2 Rae8 21. c4 Bc6 22. Bb2 Bd7 23. Qd3 Nc6 24. Nh5 Bf5 25. Qf3 Nxe5 26. Bxe5 Rxe5 27. Rxe5 Qxe5 28. Bxf5 Qxa1+ 29. Kf2 Qd4+ 30. Kg3 gxh5 31. Qxh5 Qd6+ 32. Kf3 h6 33. d3 Qf6 34. h4 Rd8 35. Kg3 Qe5+ 36. Kh3 Qe3+ 37. g3 Rxd3 38. Bxd3 Qxd3 39. Qxc5 Qd7+ 40. Kg2 Qc6+ 0-1

[Event "Joao Pessoa U2100 3rd"]
[Site "Joao Pessoa"]
[Date "2019.07.18"]
[Round "5.4"]
[White "Gonzales, Alejandro Terehoff"]
[Black "Dantas, Francisco"]
[Result "0-1"]
[WhiteElo "1751"]
[BlackElo "1903"]
[PlyCount "33"]
[EventDate "2019.07.14"]
[EventType "tourn"]
[EventRounds "11"]
[EventCountry "BRA"]
[SourceTitle "EXT 2022"]
[Source "ChessBase"]
[SourceDate "2021.10.06"]
[SourceVersion "1"]
[SourceVersionDate "2021.10.06"]
[SourceQuality "1"]

1. e4 e6 2. f4 d5 3. exd5 exd5 4. d4 Nf6 5. Nc3 Nc6 6. Nf3 Bf5 7. Bd3 Bxd3 8. Qxd3 a6 9. 0-0 Be7 10. Be3 0-0 11. Rad1 Re8 12. a3 Bd6 13. Ne5 Ne7 14. Rf3 Ng6 15. g4 Nxe5 16. fxe5 Nxg4 17. Bg5 0-1

[Event "Joao Pessoa U2100 3rd"]
[Site "Joao Pessoa"]
[Date "2019.07.16"]
[Round "3.5"]
[White "Gonzales, Alejandro Terehoff"]
[Black "Da Silva, Antonio Dutra"]
[Result "1-0"]
[WhiteElo "1751"]
[BlackElo "1758"]
[PlyCount "37"]
[EventDate "2019.07.14"]
[EventType "tourn"]
[EventRounds "11"]
[EventCountry "BRA"]
[SourceTitle "EXT 2022"]
[Source "ChessBase"]
[SourceDate "2021.10.06"]
[SourceVersion "1"]
[SourceVersionDate "2021.10.06"]
[SourceQuality "1"]

1. e4 b6 2. d4 Bb7 3. d5 Nf6 4. Nc3 e6 5. f4 exd5 6. e5 Ne4 7. Nxe4 dxe4 8. Be3 d5 9. c3 Be7 10. Qg4 0-0 11. f5 g6 12. f6 Bc5 13. Bxc5 bxc5 14. Qg5 Kh8 15. h4 Qd7 16. Qh6 Rg8 17. Nh3 Qg4 18. Ng5 Qg3+ 19. Kd1 1-0

[Event "Joao Pessoa U2100 3rd"]
[Site "Joao Pessoa"]
[Date "2019.07.15"]
[Round "?"]
[White "Gomes, Genildo de Souza"]
[Black "Gonzales, Alejandro Terehoff"]
[Result "1-0"]
[WhiteElo "1628"]
[BlackElo "1751"]
[PlyCount "191"]
[EventDate "2019.07.14"]
[EventType "tourn"]
[EventRounds "11"]
[EventCountry "BRA"]
[SourceTitle "EXT 2022"]
[Source "ChessBase"]
[SourceDate "2021.10.06"]
[SourceVersion "1"]
[SourceVersionDate "2021.10.06"]
[SourceQuality "1"]

1. d4 d5 2. Nf3 Nf6 3. e3 Bg4 4. Be2 e6 5. Nbd2 Bd6 6. b3 Bb4 7. 0-0 Bc3 8. Rb1 Ne4 9. Ne5 Bxe2 10. Qxe2 Nd7 11. Nxd7 Qxd7 12. Nxe4 dxe4 13. Bd2 Bxd2 14. Qxd2 0-0 15. c4 c5 16. Rfd1 Rad8 17. d5 exd5 18. Qxd5 Qe7 19. Qf5 g6 20. Qg4 f5 21. Qe2 Rxd1+ 22. Rxd1 Rd8 23. Rd5 Kf7 24. Qd1 Rxd5 25. Qxd5+ Kf6 26. h4 b6 27. g3 h6 28. Qc6+ Kg7 29. Qd5 Qf6 30. Qd7+ Qf7 31. Qd8 Kh7 32. Kg2 Qg7 33. Qc8 Qe7 34. h5 Qf7 35. hxg6+ Kxg6 36. Qc6+ Kg5 37. f4+ exf3+ 38. Qxf3 Qe6 39. Qf4+ Kg6 40. Kh3 h5 41. Kg2 Qc6+ 42. Kf2 Qe4 43. Qd6+ Kf7 44. Qd7+ Kf6 45. Qd6+ Qe6 46. Qf4 Kg6 47. Kg2 Qf6 48. Kf3 Qc6+ 49. Kf2 Qd7 50. Kf3 Qd1+ 51. Kg2 Qd3 52. Kh3 Qd2 53. Qf3 Qxa2 54. Qc6+ Kg5 55. Qd7 Qa1 56. Qd8+ Qf6 57. Qg8+ Kh6 58. Qb8 Qe7 59. Qf4+ Kg6 60. Qb8 Kf6 61. Qh8+ Kg6 62. Qg8+ Qg7 63. Qe6+ Kg5 64. Qd6 Qf6 65. Qf4+ Kg6 66. Qb8 a5 67. Qg8+ Kh6 68. Qb8 Qc6 69. Qf4+ Kg6 70. Kh4 Qf6+ 71. Kh3 Qc6 72. Kh2 b5 73. cxb5 Qxb5 74. Qd6+ Kf7 75. Qd5+ Kf6 76. Qd6+ Kf7 77. Qd5+ Ke7 78. Qe5+ Kd8 79. Qf6+ Kc7 80. Qe5+ Kb6 81. Qb8+ Kc6 82. Qa8+ Kd6 83. Qd8+ Ke6 84. Qg8+ Ke5 85. Qg7+ Ke4 86. Qe7+ Kf3 87. Kh3 Qf1+ 88. Kh4 Qd1 89. Qe5 Qxb3 90. Qxf5+ Ke2 91. Qxh5+ Kd2 92. Qxc5 a4 93. Qd4+ Ke2 94. g4 Qf7 95. g5 Kf3 96. Qf6+ 1-0

[Event "Joao Pessoa Fischer Memorial 10th"]
[Site "Joao Pessoa"]
[Date "2019.03.31"]
[Round "6"]
[White "Gonzales, Alejandro Terehoff"]
[Black "De Moura Filho, Eny Nobrega"]
[Result "1-0"]
[WhiteElo "1751"]
[BlackElo "1382"]
[PlyCount "57"]
[EventDate "2019.03.29"]
[EventType "swiss"]
[EventRounds "6"]
[EventCountry "BRA"]
[SourceTitle "CBM 190 Extra"]
[Source "ChessBase"]
[SourceDate "2019.07.15"]
[SourceVersion "1"]
[SourceVersionDate "2019.07.15"]
[SourceQuality "1"]

1. e4 e6 2. d4 d5 3. Bd3 Be7 4. f4 Nf6 5. e5 Nfd7 6. Qg4 g6 7. Nf3 h5 8. Qg3 c6 9. Ng5 Bxg5 10. fxg5 Na6 11. b3 Nb4 12. Ba3 Nxd3+ 13. Qxd3 Qxg5 14. 0-0 b5 15. Bd6 a5 16. Nd2 Ba6 17. Qc3 Bb7 18. Nf3 Qd8 19. h4 b4 20. Qe3 Nb6 21. Ng5 Nc8 22. Nxf7 Qxh4 23. Nxh8 Nxd6 24. Rf8+ Kd7 25. exd6 Qg4 26. Rf7+ Kc8 27. Rc7+ Kb8 28. Qe5 Ba6 29. d7 1-0